Loading...
| Literature - World | 0 | 8 | 1 | 0 | 75 | 60 | 96.75 | 4 | 8 | 0.00 | 0.00 |
| Literature - British | 0 | 7 | 1 | 0 | 65 | 64 | 89.57 | 6 | 6 | 0.00 | 0.00 |
| History - American | 0 | 7 | 2 | 0 | 60 | 49 | 68.14 | 4 | 7 | 0.00 | 0.00 |
| History - World | 0 | 6 | 1 | 0 | 55 | 22 | 56.00 | 2 | 6 | 0.00 | 0.00 |
| Fine Arts - Classical Music | 0 | 5 | 0 | 1 | 50 | 25 | 97.00 | 1 | 3 | 0.00 | 0.00 |
| Literature - American | 0 | 6 | 2 | 1 | 50 | 38 | 92.33 | 3 | 6 | 0.00 | 0.00 |
| History - Other | 0 | 5 | 1 | 1 | 45 | 86 | 101.40 | 2 | 4 | 0.00 | 0.00 |
| Social Science | 0 | 4 | 1 | 0 | 35 | 66 | 85.25 | 1 | 4 | 0.00 | 0.00 |
| Literature - European | 0 | 4 | 1 | 0 | 35 | 69 | 92.25 | 2 | 4 | 0.00 | 0.00 |
| Philosophy | 0 | 3 | 1 | 0 | 25 | 79 | 100.67 | 1 | 3 | 0.00 | 0.00 |
| Fine Arts - Other | 0 | 2 | 0 | 1 | 20 | 104 | 109.00 | 1 | 2 | 0.00 | 0.00 |
| Science - Physics | 0 | 2 | 0 | 0 | 20 | 96 | 98.00 | 0 | 2 | 0.00 | 0.00 |
| Fine Arts - Painting and Sculpture | 0 | 2 | 1 | 0 | 15 | 92 | 96.50 | 0 | 2 | 0.00 | 0.00 |
| Mythology | 0 | 2 | 1 | 0 | 15 | 96 | 99.00 | 1 | 2 | 0.00 | 0.00 |
| Geography | 0 | 1 | 0 | 0 | 10 | 38 | 38.00 | 1 | 1 | 0.00 | 0.00 |
| Current Events | 0 | 1 | 0 | 0 | 10 | 87 | 87.00 | 1 | 1 | 0.00 | 0.00 |
| Other Academic | 0 | 1 | 0 | 0 | 10 | 131 | 131.00 | 0 | 0 | 0.00 | 0.00 |
| Religion | 0 | 1 | 0 | 0 | 10 | 94 | 94.00 | 0 | 1 | 0.00 | 0.00 |
| Science - Biology | 0 | 0 | 1 | 0 | -5 | 0.00 | 0 | 0 | 0.00 | 0.00 | |
| History - European | 0 | 1 | 3 | 1 | -5 | 111 | 111.00 | 0 | 0 | 0.00 | 0.00 |